RELATIONSHIP MARKETING A CONSUMER EXPERI (Record no. 22622)

MARC details
000 -LEADER
fixed length control field 00356nam a2200133Ia 4500
008 - FIXED-LENGTH DATA ELEMENTS--GENERAL INFORMATION
fixed length control field 240624s9999 xx 000 0 und d
041 ## - LANGUAGE CODE
Language code of text/sound track or separate title eng
082 ## - DEWEY DECIMAL CLASSIFICATION NUMBER
Classification number 658.8 BAR
100 ## - MAIN ENTRY--PERSONAL NAME
Personal name BARON STEVE
245 ## - TITLE STATEMENT
Title RELATIONSHIP MARKETING A CONSUMER EXPERI
260 ## - PUBLICATION, DISTRIBUTION, ETC.
Date of publication, distribution, etc. 2010
Place of publication, distribution, etc. London
Name of publisher, distributor, etc. Sage International
300 ## - PHYSICAL DESCRIPTION
Extent viii, : 202 : p. : cm. ; 24
365 ## - TRADE PRICE
Currency code GBP
Price amount 38
Holdings
Withdrawn status Lost status Damaged status Not for loan Home library Current library Shelving location Date acquired Source of acquisition Cost, normal purchase price Full call number Barcode Date last seen Copy number Price effective from Koha item type
        IMTN IMTN Rack 33-B 03/31/2014 TB 26.99 658.8 BAR 22622 06/24/2024 108.9 06/24/2024 Books
Designed & Maintained by: LRC IMT Nagpur Contact: lrc@imtnag.ac.in© 2024. All Rights Reserved.